000 00463nam a2200181Ia 4500
001 23322
005 20260414150929.0
008 260414t2011||||xx |||||||||||||| ||spa||
041 _aESP
082 _a629.8
_bB24
100 _aBartelt, Terry
_eAUT
245 0 _aIndustrial automated systems instrumentation and motion control
_b
260 _c2011
300 _axxiv, 720 páginas :
_c28 cm.
650 _aCNM
654 _aCCN
942 _cLIB
_dJUS
_fJUS
_2ddc
_n
999 _c23322
_d23322